Mi catecismo : primer grado

Gespeichert in:
Bibliographische Detailangaben
Format: Buch
Sprache:Spanisch
Erschienen: Madrid : Sociedad Editora Ibérica, 1947
Katalog:MANES:  Suchergebnis im Bibliothekskatalog
Schulbuchspezifische Eigenschaften:
Schlagworte:
Tags: Tag hinzufügen
Keine Tags, Fügen Sie den ersten Tag hinzu!
Hinzugefügt zu:29.11.1999
Geändert in:07.05.2025

MARC

LEADER 00000cam a2200000 i 4500
005 20250507134609.0
008 000000s1947 esp fp 000 0 spa d
040 |a uned  |b spa  |c entro-manes 
245 0 0 |a Mi catecismo :   |b primer grado 
260 |a Madrid :   |b Sociedad Editora Ibérica,   |c 1947 
300 |a 63 p. :   |b il. 
546 |a España 
561 |5 es-BUNED  |3 L.T. 4340  |a España. Fondo Manes UNED  |k MANES 
690 0 |a RyM  |9 42612 
650 7 |a Enseñanza religiosa 
691 0 |a PRI 
942 |2 ddc  |c BK 
999 |c 98205  |d 98205 
999 |c manes:98205  |d 98205